Dos temas de sarmiento /

Guardado en:
Autor Principal: Lejarraga, Berta G. de
Formato: Libro
Publicado: Bah¡a Blanca : Cooperativa Obrera, 1988
Materias:
Etiquetas: Agregar Etiqueta
Sin Etiquetas, Sea el primero en etiquetar este registro!
LEADER 00648nam a22001935a 4500
001 CEM.cems007113
005 20060214000000.0
008 130507s1988##################000#0#####d
003 CEMS
082 0 4 |a 923 
100 1 |a Lejarraga, Berta G. de 
245 1 0 |a Dos temas de sarmiento / 
260 |a Bah¡a Blanca :  |b Cooperativa Obrera,  |c 1988 
300 |a 47 p. 
505 0 |a Contenido:Las mujeres de Sarmiento,.- Actualidad pedag¢gica de Sarmiento,.- 
653 |a Biografias 
653 |a Sarmiento domingo f.-biografia 
859 |a CEMS  |b BIB. CEMS - 11 de abril  |h 923  |i Sa74L  |p 15397.89  |t Ej.2 
859 |a CEMS  |b BIB. CEMS - 11 de abril  |h 923  |i Sa74L  |p 15488.89  |t Ej.1